| 000 | 00473nam a2200157Ia 4500 | ||
|---|---|---|---|
| 005 | 20250508152723.0 | ||
| 008 | 008 250505s9999 xx 000 0 eng d | ||
| 037 | _aBooks to be hide in OPAC | ||
| 040 |
_aFEDL _beng _cFEDL |
||
| 041 |
_aeng _2eng |
||
| 084 |
_a370.58, WCO/O _qFEDL |
||
| 245 | 0 | _aWcotp : Directory of teachers' organisations in Asia, Australia and New Zealand | |
| 300 | _a41p. | ||
| 942 |
_cHB _h370.58, WCO/O |
||
| 999 |
_c1338299 _d1338299 |
||